| 000 | 00585nam a2200217Ia 4500 | ||
|---|---|---|---|
| 005 | 20241129120221.0 | ||
| 008 | 241129s9999||||xx |||||||||||||| ||und|| | ||
| 020 | _a9788195539291 | ||
| 037 | _aTB | ||
| 040 |
_aSDCL _beng _cSDCL |
||
| 041 |
_aeng _2eng |
||
| 084 |
_aQ4, R3 LR _qSDCL |
||
| 100 |
_aOber Douglas _9729447 |
||
| 245 | 0 | _aDust on the throue : The search for buddhism in modern India | |
| 260 |
_aNew Delhi _bNavayana _c2023 |
||
| 300 | _a391p. | ||
| 365 |
_aINR _b699 |
||
| 650 | _aReference | ||
| 942 |
_cTB _hQ4, R3 LR |
||
| 999 |
_c1233857 _d1233857 |
||